000 01197nam a22002057a 4500
999 _c57230
_d57230
005 20200123151547.0
008 200123c2019 ge ||||| |||| 00| 0 geo d
022 _a24493112
041 _ageo
245 _aსისხლის სამართლის აქტუალური საკითხები :
_b2019 :№ 4 /
_c სარედ.საბჭო: მაია ივანიძე ; მარინა მესხი [და სხ.; ]
260 _aთბილისი :
_bმერიდიანი,
_c2019.
300 _aV.
653 _aსამართალი.
653 _aადამიანის უფლებები.
653 _aპერიოდიკა
700 _a ივანიძე, მაია
_eსარედქციო საბჭო
_96339
700 _aმესხი, მარინა
_eსარედქციო საბჭო
_96340
710 _eივანე ჯავახიშვილის სახელობის თბილისის სახელმწიფო უნივერსიტეტის იურიდიული ფაკულტეტი
_96343
942 _2udc
_cBK